000 00305nam a2200133 i 4500
001 bg
100 1 _aLINDE, Piotr
245 0 _aOpis pakietu TAG wersja 2.01 /
_cPiotr Linde.
260 _aWarszawa,
_c1991.
040 _cBPK
041 _apol
942 _cKS
008 s pl f |000 0 pol
999 _c29599
_d29599
856 _uhttp://koha.tu.koszalin.pl/cgi-bin/koha/opac-detail.pl?biblionumber=29599
_yKatalog online BPK